| 000 | 00710nam a2200193 a 4500 | ||
|---|---|---|---|
| 001 | 1291 | ||
| 005 | 20140414132022.0 | ||
| 008 | 000816s19uu xx 00 eng d | ||
| 020 | _a0-590-46284-9 | ||
| 050 |
_aTR _bG81 1985 |
||
| 100 | _aBuckley, Richard | ||
| 245 |
_aThe greedy python / _cTexct by Richard Buckley ; illustrations by Eric Carle. |
||
| 260 |
_aNew York : _bScholastic, _c1985. |
||
| 300 | _a1 v. p. : ill. ; cm. | ||
| 520 | _aA greedy python gulps down every aninmal he meets, which does not make him very popular. One day he grabs hold of a long slender tail, and the results are big surprise. | ||
| 650 |
_aPhyton stories _xFiction. |
||
| 650 |
_aGreediness _xFiction. |
||
| 999 |
_c113480 _d113480 |
||